[Event "Weekend Villa Bombrini"]
[Site "Genova ITA"]
[Date "2014.10.05"]
[Round "4"]
[White "Serapiglia, Roberto"]
[Black "Ivaldo, Fabrizio"]
[WhiteElo "1727"]
[BlackElo "1837"]
[Result "1-0"]
[PlyCount "67"]
[EventDate "2014.10.03"]

1. e4 e6 2. d3 d5 3. Nd2 c5 4. Ngf3 Nc6 5. g3 Nf6 6. Bg2 Be7 7. O-O O-O 8. Re1
b5 9. e5 Nd7 10. Nf1 a5 11. h4 Ba6 12. N1h2 c4 13. d4 c3 14. b3 Qb6 15. Bg5
Rfc8 16. Bxe7 Nxe7 17. Ng4 Nf8 18. a3 Ra7 19. b4 axb4 20. axb4 Rc4 21. Rb1 Nc6
22. Bf1 Rxb4 23. Rxb4 Nxb4 24. Ng5 Nc6 25. Bd3 Qxd4 26. Qe2 Qc5 27. Nf6+ gxf6
28. exf6 h6 29. Qh5 hxg5 30. Qxg5+ Ng6 31. h5 Qf8 32. hxg6 fxg6 33. Qxg6+ Kh8
34. Kg2 1-0

[Event "Weekend Villa Bombrini"]
[Site "Genova ITA"]
[Date "2014.10.05"]
[Round "4"]
[White "Van Hoolandt, Patrick"]
[Black "Tammarazio, Saverio"]
[WhiteElo "2170"]
[BlackElo "1893"]
[Result "1-0"]
[PlyCount "45"]
[EventDate "2014.10.03"]

1. d4 c6 2. c4 Qc7 3. Nc3 d6 4. e4 e5 5. Nf3 Nd7 6. Be2 Be7 7. O-O h6 8. Re1
Ngf6 9. h3 g5 10. Nh2 Rg8 11. b4 a5 12. b5 exd4 13. Qxd4 Ne5 14. b6 Qb8 15. Kh1
h5 16. f4 gxf4 17. Bxf4 Ng6 18. Bg5 Ne5 19. Bh4 Be6 20. Rad1 Ned7 21. Nd5 Nxd5
22. exd5 c5 23. Qf4 1-0

[Event "Weekend Villa Bombrini"]
[Site "Genova ITA"]
[Date "2014.10.05"]
[Round "5"]
[White "Angelini, Marco"]
[Black "Laketic, Gojko"]
[WhiteElo "2219"]
[BlackElo "2389"]
[Result "0-1"]
[PlyCount "53"]
[EventDate "2014.10.03"]

1. c4 c6 2. Nf3 d5 3. g3 Nf6 4. Bg2 e6 5. b3 Nbd7 6. Bb2 b6 7. O-O Bb7 8. d3
Be7 9. cxd5 cxd5 10. Nbd2 O-O 11. Rc1 Rc8 12. Rxc8 Qxc8 13. Qa1 Qa8 14. Rc1 Rc8
15. Ne5 Nxe5 16. Bxe5 Rxc1+ 17. Qxc1 Nd7 18. Bb2 Qc8 19. Qxc8+ Bxc8 20. Kf1 Nb8
21. Nf3 Nc6 22. Ne5 Nd8 23. f4 Bb7 24. Ke1 Nc6 25. Nxc6 Bxc6 26. Kd2 Bb4+ 27.
Bc3 0-1

[Event "Weekend Villa Bombrini"]
[Site "Genova ITA"]
[Date "2014.10.05"]
[Round "5"]
[White "Baggiani, Fabio"]
[Black "Lazzoni, Davide"]
[WhiteElo "1811"]
[BlackElo "1566"]
[Result "0-1"]
[PlyCount "64"]
[EventDate "2014.10.03"]

1. Nf3 Nf6 2. g3 Nc6 3. Bg2 e5 4. d3 Be7 5. e4 O-O 6. O-O d6 7. c3 Bg4 8. Nbd2
Qd7 9. Re1 Bh3 10. Nc4 b5 11. Ne3 Rab8 12. Nh4 Bxg2 13. Kxg2 d5 14. Nef5 dxe4
15. Nxe7+ Nxe7 16. Bg5 Qxd3 17. Bxf6 Qxd1 18. Raxd1 gxf6 19. Rd7 Rfe8 20. Rxe4
Rbd8 21. Rxc7 Rd2 22. Rb4 a6 23. a4 Nd5 24. Rg4+ Kf8 25. Nf3 Rxb2 26. Rc6 Ne3+
27. Kh3 Nxg4 28. Kxg4 bxa4 29. Rxa6 Ra2 30. Nh4 e4 31. Nf5 Rxf2 32. Rxa4 h5+
0-1

[Event "Weekend Villa Bombrini"]
[Site "Genova ITA"]
[Date "2014.10.05"]
[Round "5"]
[White "Birens, Eric-Andre'"]
[Black "Nastrelli, Roberto"]
[WhiteElo "1908"]
[BlackElo "1876"]
[Result "1-0"]
[PlyCount "75"]
[EventDate "2014.10.03"]

1. d4 Nf6 2. c4 g6 3. Nc3 Bg7 4. e4 d6 5. f4 O-O 6. Nf3 Bg4 7. Be2 Nbd7 8. O-O
Bxf3 9. Bxf3 e5 10. fxe5 dxe5 11. d5 a5 12. Be3 Qe7 13. Qd2 Nc5 14. Rad1 Ra6
15. Qf2 Nfd7 16. d6 cxd6 17. Nb5 Ne6 18. Rd2 f5 19. exf5 gxf5 20. Bxb7 f4 21.
Bxa6 fxe3 22. Qxe3 Rxf1+ 23. Kxf1 Qh4 24. g3 Qxc4+ 25. Qe2 Qc1+ 26. Qd1 Qc6 27.
Qb3 Ndc5 28. Qc4 Qxa6 29. Rxd6 Qc8 30. Rxe6 Qxe6 31. Qxc5 e4 32. Nd6 Qf6+ 33.
Ke1 e3 34. Qd5+ Kh8 35. Nf7+ Kg8 36. Nh6+ Kf8 37. Qg8+ Ke7 38. Qxg7+ 1-0

[Event "Weekend Villa Bombrini"]
[Site "Genova ITA"]
[Date "2014.10.05"]
[Round "5"]
[White "Boschi, Massimiliano"]
[Black "Serapiglia, Roberto"]
[WhiteElo "1946"]
[BlackElo "1727"]
[Result "0-1"]
[PlyCount "64"]
[EventDate "2014.10.03"]

1. e4 c5 2. c3 d5 3. exd5 Qxd5 4. d4 Nc6 5. Nf3 Bf5 6. Be3 Nf6 7. c4 Qd7 8.
dxc5 Qxd1+ 9. Kxd1 Rd8+ 10. Nbd2 Ng4 11. a3 a5 12. b4 Nxe3+ 13. fxe3 g6 14. b5
Nb8 15. Ke1 Bg7 16. Ra2 Nd7 17. Nb3 a4 18. Nbd4 Nxc5 19. Nxf5 gxf5 20. g3 O-O
21. Kf2 b6 22. Be2 Ne4+ 23. Kf1 e6 24. Ne1 Bh6 25. Ng2 Rd7 26. Bf3 Nc5 27. Nf4
Rfd8 28. Ke2 Nb3 29. Rb1 Bf8 30. Ke1 Nd2 31. Bd5 Nxb1 32. Nxe6 fxe6 0-1

[Event "Weekend Villa Bombrini"]
[Site "Genova ITA"]
[Date "2014.10.05"]
[Round "5"]
[White "Celli, Ugo"]
[Black "Grasso, Gabriele"]
[WhiteElo "1954"]
[BlackElo "1715"]
[Result "1/2-1/2"]
[PlyCount "90"]
[EventDate "2014.10.03"]

1. d4 e6 2. c4 f5 3. g3 Nf6 4. Bg2 c6 5. Nh3 d5 6. O-O Bd6 7. Bf4 O-O 8. c5
Bxf4 9. Nxf4 Qe7 10. Nd3 Nbd7 11. f4 Ng4 12. Rf3 Ndf6 13. h3 Nh6 14. Nd2 Ne4
15. Ne5 Nf7 16. Nxf7 Qxf7 17. b4 Nxd2 18. Qxd2 Bd7 19. a4 Qf6 20. Rb3 b6 21.
Bf1 bxc5 22. bxc5 Rfb8 23. Rab1 Qd8 24. Qb2 Rxb3 25. Qxb3 Bc8 26. e3 Qc7 27.
Qb4 Kf7 28. Kf2 Ke7 29. Bd3 Kf7 30. Kf3 g6 31. g4 Kg7 32. Qe1 Rb8 33. Rb4 Rxb4
34. Qxb4 Qb7 35. Qxb7+ Bxb7 36. Ke2 Kf7 37. Kd2 Ke7 38. Kc3 a5 39. Kd2 Kf7 40.
Ke2 Bc8 41. Kf3 Bb7 42. Kg3 Bc8 43. Kh4 h6 44. g5 h5 45. Be2 Kg7 1/2-1/2

[Event "Weekend Villa Bombrini"]
[Site "Genova ITA"]
[Date "2014.10.05"]
[Round "5"]
[White "Cirabisi, Federico"]
[Black "Cesarini, Antonello"]
[WhiteElo "2045"]
[BlackElo "1801"]
[Result "1/2-1/2"]
[PlyCount "63"]
[EventDate "2014.10.03"]

1. f4 d6 2. Nf3 Nd7 3. d4 Ngf6 4. e3 c5 5. Bd3 e6 6. O-O Be7 7. b3 cxd4 8. exd4
O-O 9. Bb2 Nd5 10. Qd2 Qb6 11. Nc3 Nxc3 12. Bxc3 a6 13. Kh1 Bf6 14. Rae1 g6 15.
Ng5 d5 16. Nf3 Bg7 17. Ne5 Nf6 18. a4 Bd7 19. a5 Qc7 20. Bb4 Rfc8 21. c4 Bc6
22. Rc1 Qd8 23. Bc5 Nd7 24. Bd6 Nxe5 25. fxe5 Qh4 26. Rf4 Bh6 27. Rxh4 Bxd2 28.
Rf1 Bxa5 29. Rhf4 Be8 30. h4 Bd2 31. R4f3 Bh6 32. h5 1/2-1/2

[Event "Weekend Villa Bombrini"]
[Site "Genova ITA"]
[Date "2014.10.05"]
[Round "5"]
[White "Cusato, Davide"]
[Black "Del Noce, Roberto"]
[WhiteElo "1676"]
[BlackElo "1897"]
[Result "0-1"]
[PlyCount "98"]
[EventDate "2014.10.03"]

1. d4 Nf6 2. c4 c5 3. d5 b5 4. cxb5 a6 5. b6 g6 6. Nc3 Bg7 7. e4 d6 8. Nf3 Nbd7
9. b7 Bxb7 10. Qa4 O-O 11. Be2 Re8 12. Nd2 Nb6 13. Qb3 Rb8 14. O-O e6 15. Bf3
exd5 16. exd5 Bxd5 17. Nxd5 Nbxd5 18. Qc4 Nc7 19. a3 Nd7 20. Rb1 Ne5 21. Qc2
Nxf3+ 22. Nxf3 Ne6 23. h4 Nd4 24. Nxd4 Bxd4 25. Bg5 Qd7 26. b4 Qg4 27. bxc5
Rxb1 28. Qxb1 dxc5 29. Qb7 Qe2 30. Qb1 Kg7 31. Qc1 Rb8 32. Bh6+ Kg8 33. Qf4 Be5
34. Qc1 Bd4 35. Qg5 f5 36. Qg3 Re8 37. Qd6 Qe6 38. Qg3 Bg7 39. Be3 c4 40. h5
Be5 41. f4 Bg7 42. Bd2 Qc6 43. hxg6 hxg6 44. Bc3 Qc5+ 45. Kh1 Re3 46. Bb4 Rxg3
47. Bxc5 c3 48. Rc1 Rd3 49. Bb4 Kf7 0-1

[Event "Weekend Villa Bombrini"]
[Site "Genova ITA"]
[Date "2014.10.05"]
[Round "5"]
[White "Gioseffi, Massimiliano"]
[Black "Algeri, Lorenzo"]
[WhiteElo "2127"]
[BlackElo "1822"]
[Result "1-0"]
[PlyCount "33"]
[EventDate "2014.10.03"]

1. d4 Nf6 2. c4 e6 3. Nc3 b6 4. e4 Bb7 5. Bd3 Bb4 6. Qc2 Nc6 7. Nf3 d5 8. cxd5
exd5 9. e5 Nd7 10. Bxh7 Nxd4 11. Nxd4 Qh4 12. e6 Ne5 13. exf7+ Nxf7 14. Qe2+
Kd7 15. Bf5+ Kd6 16. Qe6+ Kc5 17. Nb3+ 1-0

[Event "Weekend Villa Bombrini"]
[Site "Genova ITA"]
[Date "2014.10.05"]
[Round "5"]
[White "Ivaldo, Fabrizio"]
[Black "Faggiani, Marco"]
[WhiteElo "1837"]
[BlackElo "1882"]
[Result "1/2-1/2"]
[PlyCount "49"]
[EventDate "2014.10.03"]

1. e4 c6 2. d4 d5 3. Nc3 dxe4 4. Nxe4 Nf6 5. Nxf6+ exf6 6. Ne2 Bd6 7. Bf4 O-O
8. Qd2 Be6 9. Bxd6 Qxd6 10. Nc3 f5 11. O-O-O Nd7 12. d5 cxd5 13. Nxd5 Qc5 14.
Kb1 a5 15. Qd4 Rac8 16. Qxc5 Rxc5 17. Ne3 Rfc8 18. Bd3 g6 19. g3 b5 20. Rhe1
Nf6 21. f3 Nd5 22. Nxd5 Rxd5 23. Be2 Rdc5 24. Bd3 Rd5 25. Be2 1/2-1/2

[Event "Weekend Villa Bombrini"]
[Site "Genova ITA"]
[Date "2014.10.05"]
[Round "5"]
[White "Manfredi, Vincenzo"]
[Black "Collareta, Giovanni"]
[WhiteElo "2224"]
[BlackElo "2080"]
[Result "1-0"]
[PlyCount "107"]
[EventDate "2014.10.03"]

1. d4 d5 2. c4 c6 3. cxd5 cxd5 4. Nc3 Nf6 5. Bf4 Nc6 6. e3 a6 7. Bd3 Bg4 8. f3
Bh5 9. Nge2 e6 10. Rc1 Bg6 11. O-O Bd6 12. Bg5 Bxd3 13. Qxd3 h6 14. Bxf6 Qxf6
15. e4 Qg6 16. Qe3 O-O 17. e5 Bb8 18. f4 Ba7 19. f5 Qg5 20. Rf4 exf5 21. Kh1
Rfe8 22. Qd3 g6 23. Nxd5 Qd8 24. Nf6+ Kf8 25. Nxe8 Kxe8 26. Rd1 Nb4 27. Qb3 Nd5
28. Rf3 b5 29. Nc3 Nc7 30. d5 Kf8 31. Qb4+ Kg7 32. e6 a5 33. Qf4 b4 34. Ne2
Nxe6 35. Qe5+ Kg8 36. Ng3 Ng5 37. Rfd3 Qd7 38. d6 Re8 39. Qf4 Kg7 40. h4 Ne4
41. Rf3 Qa4 42. b3 Qd7 43. h5 Bc5 44. hxg6 fxg6 45. Rd5 Bb6 46. Kh2 Nf6 47.
Rxf5 gxf5 48. Nxf5+ Kh8 49. Rh3 Ng8 50. Nxh6 Qxh3+ 51. Kxh3 Nxh6 52. Qxh6+ Kg8
53. d7 Re3+ 54. Qxe3 1-0

[Event "Weekend Villa Bombrini"]
[Site "Genova ITA"]
[Date "2014.10.05"]
[Round "5"]
[White "Mazzolini, Stefano"]
[Black "Altieri, Danilo Mario"]
[WhiteElo "1792"]
[BlackElo "2005"]
[Result "1/2-1/2"]
[PlyCount "63"]
[EventDate "2014.10.03"]

1. d4 d5 2. c4 e6 3. Nc3 c6 4. Nf3 Nd7 5. Qc2 f5 6. cxd5 cxd5 7. Bf4 a6 8. a4
Ngf6 9. Rc1 Bb4 10. Ne5 O-O 11. Nd3 Be7 12. Qb3 Ne4 13. f3 Bg5 14. fxe4 fxe4
15. Bxg5 Qxg5 16. Nxe4 dxe4 17. Qxe6+ Kh8 18. Qxe4 Nf6 19. Qe5 Qh6 20. Qf4 Qh5
21. e3 Qa5+ 22. b4 Qxa4 23. Be2 Bd7 24. O-O Bb5 25. Nc5 Qxb4 26. Bxb5 axb5 27.
Ne6 Rf7 28. Rc7 Rxc7 29. Qxc7 Rg8 30. Ng5 Rf8 31. Ne6 Rg8 32. Ng5 1/2-1/2

[Event "Weekend Villa Bombrini"]
[Site "Genova ITA"]
[Date "2014.10.05"]
[Round "5"]
[White "Nikolajevic, Tihomir"]
[Black "Carlini, Giancarlo"]
[WhiteElo "1856"]
[BlackElo "1494"]
[Result "1-0"]
[PlyCount "111"]
[EventDate "2014.10.03"]

1. d4 d5 2. Nf3 Nf6 3. e3 e6 4. Bd3 c5 5. b3 Nc6 6. Bb2 Bd6 7. Nbd2 O-O 8. O-O
a6 9. c4 Rb8 10. Ne5 Qc7 11. f4 b5 12. Qc1 bxc4 13. bxc4 Nb4 14. Be2 Bb7 15. a3
Nc6 16. Qc2 Ne7 17. Bd3 Rfc8 18. Rac1 g6 19. Ndf3 Ne4 20. Bxe4 dxe4 21. Nd2 f5
22. Nb1 Bc6 23. Bc3 Rb7 24. Qd2 Rcb8 25. Qa2 Ba4 26. Nd2 Bb3 27. Qa1 Ba4 28.
Rb1 Rxb1 29. Rxb1 Rxb1+ 30. Qxb1 cxd4 31. Bxd4 Nc6 32. Nxc6 Bxc6 33. c5 Bf8 34.
Qb6 Qc8 35. Nc4 Bb5 36. Nd6 Bxd6 37. Qxd6 Qd7 38. Qe5 Bc6 39. Qh8+ Kf7 40.
Qxh7+ Ke8 41. Qxg6+ Qf7 42. Qxf7+ Kxf7 43. Kf2 Kg6 44. Ke2 Kf7 45. Kd2 Ke7 46.
Kc3 Bb5 47. Kb4 Bf1 48. g3 Kd7 49. h4 Be2 50. Be5 Kc6 51. Bd6 Bh5 52. Kc4 Bf7
53. Kd4 Kd7 54. Ke5 a5 55. Kf6 Bh5 56. Kg5 1-0

[Event "Weekend Villa Bombrini"]
[Site "Genova ITA"]
[Date "2014.10.05"]
[Round "5"]
[White "Pesce, Gabriele"]
[Black "Abd El Gawad, Shaban"]
[WhiteElo "2209"]
[BlackElo "2042"]
[Result "1/2-1/2"]
[PlyCount "58"]
[EventDate "2014.10.03"]

1. e4 d5 2. exd5 Qxd5 3. Nc3 Qd6 4. d4 Nf6 5. Nf3 Bg4 6. g3 c6 7. Bg2 Nbd7 8.
O-O e6 9. Re1 Bxf3 10. Bxf3 Be7 11. Bf4 Qb4 12. a3 Qb6 13. Na4 Qd8 14. c4 O-O
15. Nc3 Nb6 16. b3 Re8 17. Qc2 a5 18. a4 Bb4 19. Red1 Rc8 20. Bg5 h6 21. Bc1
Qe7 22. Bb2 Red8 23. Ne2 Nbd7 24. Rac1 e5 25. Bg2 e4 26. Nc3 e3 27. Re1 exf2+
28. Qxf2 Qd6 29. Ne4 Bxe1 1/2-1/2

[Event "Weekend Villa Bombrini"]
[Site "Genova ITA"]
[Date "2014.10.05"]
[Round "5"]
[White "Rivara, Massimo"]
[Black "Saffioti, Massimo"]
[WhiteElo "1767"]
[BlackElo "1891"]
[Result "0-1"]
[PlyCount "86"]
[EventDate "2014.10.03"]

1. e4 c5 2. Nf3 Nc6 3. d4 cxd4 4. Nxd4 d6 5. Nc3 Nf6 6. Bb5 Bd7 7. O-O e5 8.
Nde2 Be7 9. Ng3 O-O 10. Bg5 Nd4 11. Bxd7 Qxd7 12. Bxf6 Bxf6 13. Nd5 Bd8 14. c3
Ne6 15. Nf5 Kh8 16. Qd3 g6 17. Nfe3 Nc5 18. Qc2 f5 19. exf5 gxf5 20. f4 e4 21.
Rad1 Nd3 22. c4 Rb8 23. Nb4 Bb6 24. Nbd5 Bd4 25. b3 b5 26. Rxd3 exd3 27. Qxd3
Bxe3+ 28. Nxe3 bxc4 29. Nxc4 Rbd8 30. Rd1 d5 31. Qh3 Qc6 32. Ne5 Qb6+ 33. Kh1
d4 34. Qh5 Qf6 35. h3 Rd5 36. Rc1 Rxe5 37. fxe5 Qxe5 38. Qf3 Qe3 39. Qf1 f4 40.
Re1 Qg3 41. Qe2 f3 42. Qe5+ Qxe5 43. Rxe5 f2 0-1

[Event "Weekend Villa Bombrini"]
[Site "Genova ITA"]
[Date "2014.10.05"]
[Round "5"]
[White "Tammarazio, Saverio"]
[Black "Mandolini, Alessandro"]
[WhiteElo "1893"]
[BlackElo "1711"]
[Result "1/2-1/2"]
[PlyCount "136"]
[EventDate "2014.10.03"]

1. d4 Nf6 2. Nc3 d6 3. e4 e5 4. d5 c6 5. Be2 Be7 6. g4 cxd5 7. exd5 h6 8. h3
Nbd7 9. Be3 Nb6 10. Bd3 Bd7 11. Bf1 Rc8 12. Nge2 Nc4 13. Bc1 Qa5 14. Bg2 Nh7
15. O-O O-O 16. Ng3 Qc5 17. Qe2 Qb6 18. b3 Qd4 19. Nge4 Nb6 20. Be3 Qb4 21. Nd1
f5 22. gxf5 Bxf5 23. c4 Nxd5 24. Bd2 Nf4 25. Bxf4 exf4 26. Ndc3 Bf6 27. Nd5 Qa5
28. Qh5 Bg5 29. Nec3 Rce8 30. Nb5 g6 31. Qd1 Qd8 32. Nd4 Be4 33. Nf3 Nf6 34.
Nc3 Bc6 35. b4 Ne4 36. Nd5 Bd7 37. Rc1 Bf5 38. a4 Qd7 39. Qb3 Bxh3 40. Ne5 Rxe5
41. Bxh3 Nd2 42. Qd3 Qf7 43. Qxd2 f3 44. Ne3 Bf4 45. Qd3 Rg5+ 46. Ng2 fxg2 47.
Bxg2 Qe6 48. Rc3 Qg4 49. Qh3 Qxh3 50. Rxh3 Re8 51. Kh1 Re2 52. Bxb7 Rge5 53.
Bd5+ Kg7 54. a5 g5 55. b5 g4 56. Rh4 h5 57. b6 axb6 58. axb6 Rb2 59. b7 Kg6 60.
Kg2 Kg5 61. Rhh1 Rxd5 62. cxd5 Rxb7 63. Re1 Rb5 64. Rd1 h4 65. Kf1 Rb4 66. Ke2
Be5 67. Rd3 Rb2+ 68. Rd2 Rb4 1/2-1/2

[Event "XV Weekend Val Bisagno"]
[Site "Genova ITA"]
[Date "2014.10.18"]
[Round "3"]
[White "Altieri, Danilo Mario"]
[Black "Cirabisi, Federico"]
[WhiteElo "2005"]
[BlackElo "2045"]
[Result "0-1"]
[PlyCount "38"]
[EventDate "2014.10.17"]

1. c4 f5 2. g3 e5 3. Bg2 Nf6 4. Nc3 Bc5 5. e3 Nc6 6. d3 d6 7. Nge2 O-O 8. O-O
Qe8 9. a3 a5 10. d4 Bb6 11. b3 Qh5 12. Nd5 Nxd5 13. cxd5 Nd8 14. dxe5 dxe5 15.
Bb2 f4 16. exf4 Bg4 17. Re1 exf4 18. h3 fxg3 19. Kh1 Bf3 0-1

[Event "XV Weekend Val Bisagno"]
[Site "Genova ITA"]
[Date "2014.10.18"]
[Round "3"]
[White "Cantoro, Daniele"]
[Black "Milleri, Leonardo"]
[WhiteElo "2089"]
[BlackElo "1889"]
[Result "1-0"]
[PlyCount "59"]
[EventDate "2014.10.17"]

1. e4 c5 2. Nc3 d6 3. g3 Nf6 4. Bg2 g6 5. d3 Bg7 6. Be3 Nc6 7. h3 O-O 8. Qd2
Qa5 9. Nge2 Rb8 10. O-O b5 11. f4 b4 12. Nd1 Qc7 13. c3 a5 14. d4 bxc3 15. bxc3
Nd7 16. e5 cxd4 17. cxd4 dxe5 18. Rc1 exd4 19. Bxd4 Bb7 20. Bxg7 Qb6+ 21. Kh2
Kxg7 22. Bxc6 Bxc6 23. Qc3+ Nf6 24. Qxc6 Qxc6 25. Rxc6 Rfd8 26. Rc2 Ne4 27. Kg2
h5 28. Nf2 Nxf2 29. Kxf2 Rd7 30. Re1 1-0

[Event "XV Weekend Val Bisagno"]
[Site "Genova ITA"]
[Date "2014.10.18"]
[Round "3"]
[White "Manfredi, Vincenzo"]
[Black "Mortola, Alberto"]
[WhiteElo "2224"]
[BlackElo "1968"]
[Result "1-0"]
[PlyCount "137"]
[EventDate "2014.10.17"]

1. d4 f5 2. g3 Nf6 3. Bg2 g6 4. h4 d5 5. Nh3 Be6 6. Nd2 Qd6 7. Nf3 Nbd7 8. Nf4
O-O-O 9. Nd3 Bg7 10. Bf4 Qb6 11. a4 Nb8 12. a5 Qb5 13. Nc5 Bg8 14. Ne5 Ne4 15.
Ncd3 Be6 16. f3 Nd6 17. Bf1 Rhf8 18. Nc5 Bg8 19. e3 Nc4 20. Ned3 Qe8 21. Kf2 e5
22. dxe5 Nxe5 23. Nxe5 Bxe5 24. Bxe5 Qxe5 25. Qd4 Nc6 26. Qxe5 Nxe5 27. c3 Nd7
28. Nd3 Nf6 29. Be2 Bf7 30. Rhe1 Be8 31. Nc5 Rd6 32. b4 a6 33. Nb3 Nd7 34. f4
Nf6 35. Bf3 Bb5 36. Red1 Rfd8 37. Rd2 Ne4+ 38. Bxe4 dxe4 39. Rxd6 Rxd6 40. Nd4
Kd8 41. h5 Ke7 42. hxg6 hxg6 43. Rh1 Kf6 44. Rh8 Kg7 45. Rc8 Rd7 46. Rxc7 Rxc7
47. Ne6+ Kf6 48. Nxc7 Bd3 49. Ke1 g5 50. Kf2 gxf4 51. gxf4 Ke7 52. Nd5+ Kd6 53.
Nb6 Ke6 54. Kg3 Bb5 55. Kh4 Kf6 56. Kh5 Be8+ 57. Kh6 Bf7 58. Nd7+ Ke7 59. Ne5
Be8 60. Kg5 Ke6 61. c4 Ba4 62. Kg6 Be8+ 63. Kg7 Ke7 64. Ng6+ Ke6 65. Nh4 Ba4
66. Kg6 Be8+ 67. Kg5 Bf7 68. Nxf5 Kd7 69. Ng3 1-0

[Event "XV Weekend Val Bisagno"]
[Site "Genova ITA"]
[Date "2014.10.18"]
[Round "3"]
[White "Saffioti, Massimo"]
[Black "Gioseffi, Massimiliano"]
[WhiteElo "1891"]
[BlackElo "2127"]
[Result "1/2-1/2"]
[PlyCount "155"]
[EventDate "2014.10.17"]

1. c4 Nf6 2. Nc3 c5 3. g3 Nc6 4. Bg2 g6 5. d3 Bg7 6. e4 O-O 7. Nge2 d6 8. h3 a6
9. O-O Rb8 10. Rb1 b5 11. b3 Nh5 12. g4 Nf6 13. f4 Nd4 14. Nxd4 cxd4 15. Ne2
bxc4 16. dxc4 e5 17. f5 Nd7 18. Bd2 Bb7 19. Qc1 Nc5 20. Ng3 Nd3 21. Qc2 Nf4 22.
Bxf4 exf4 23. Rxf4 Be5 24. Rf3 Bc6 25. Qd3 Qb6 26. Rff1 Rfe8 27. Ne2 Re7 28.
Nf4 Rbe8 29. Nd5 Bxd5 30. cxd5 Rc8 31. Rbc1 Rc3 32. Rxc3 dxc3+ 33. Kh1 Rc7 34.
Rc1 Qf2 35. Rc2 Qe1+ 36. Bf1 a5 37. Kg2 f6 38. fxg6 hxg6 39. Qf3 Kg7 40. Be2
Rb7 41. Qf2 Qb1 42. Bd3 Qd1 43. Qe2 Qa1 44. Qf1 Qxf1+ 45. Kxf1 Kh6 46. Kg2 Kg5
47. Rc1 Rb4 48. Bc4 a4 49. Kf3 a3 50. Rc2 Rb8 51. Bf1 Bd4 52. Rc1 Kh6 53. Rc2
Be5 54. Rc1 g5 55. Rc2 Kg7 56. Bc4 Kf7 57. Rc1 Ke7 58. Rc2 Kd7 59. Rc1 Kc7 60.
Ke3 Kb6 61. Kd3 Rh8 62. Rh1 Kc5 63. Ba6 Kb4 64. Bc4 Bf4 65. Kc2 Re8 66. Kd3 c2
67. Kxc2 Rxe4 68. Rd1 Re3 69. Bf1 Rc3+ 70. Kb1 Kc5 71. Bd3 Kd4 72. Bc2+ Ke3 73.
b4 Ke2 74. b5 Bd2 75. b6 Rc5 76. Bb3 Rc8 77. b7 Rb8 78. Kc2 1/2-1/2

[Event "XV Weekend Val Bisagno"]
[Site "Genova ITA"]
[Date "2014.10.18"]
[Round "3"]
[White "Tripi, Nicolo'"]
[Black "Nicolis, Claudio"]
[WhiteElo "1858"]
[BlackElo "1830"]
[Result "1-0"]
[PlyCount "101"]
[EventDate "2014.10.17"]

1. e4 e6 2. d4 d5 3. Nc3 dxe4 4. Nxe4 Nd7 5. Nf3 Ngf6 6. Bd3 Be7 7. Nxf6+ Nxf6
8. O-O O-O 9. h3 b6 10. c3 Bb7 11. Re1 c5 12. dxc5 Bxc5 13. Bf4 Be7 14. Qe2 Nd5
15. Bg3 Qc8 16. Rad1 Nf6 17. Nd4 g6 18. Be5 Nd7 19. Bf4 Bf6 20. Nb5 Qc6 21. f3
e5 22. Be4 Qc8 23. Nd6 Qc7 24. Bxb7 exf4 25. Bxa8 Rxa8 26. Kh1 Bh4 27. Rf1 Nf6
28. Ne4 Nh5 29. Qd3 Rd8 30. Qc2 f5 31. Rxd8+ Qxd8 32. Rd1 Qe7 33. Nd6 Ng3+ 34.
Kh2 Ne2 35. Qb3+ Kg7 36. Qd5 Bg3+ 37. Kh1 Be1 38. Qb7 Ng3+ 39. Kg1 Ne2+ 40. Kf1
Ng3+ 41. Kg1 Ne2+ 42. Kh2 Bg3+ 43. Kh1 Qxb7 44. Nxb7 Bf2 45. a4 Ng3+ 46. Kh2
Kf6 47. Nd6 Ke5 48. Nc4+ Kf6 49. a5 bxa5 50. Nxa5 Ke6 51. c4 1-0

[Event "XV Weekend Val Bisagno"]
[Site "Genova ITA"]
[Date "2014.10.19"]
[Round "4"]
[White "Cantoro, Daniele"]
[Black "Manfredi, Vincenzo"]
[WhiteElo "2089"]
[BlackElo "2224"]
[Result "1-0"]
[PlyCount "65"]
[EventDate "2014.10.17"]

1. e4 c5 2. Nf3 Nc6 3. d4 cxd4 4. Nxd4 e6 5. Nc3 Qc7 6. g3 a6 7. Bg2 d6 8. O-O
Bd7 9. a4 Nf6 10. Nb3 b6 11. f4 Rd8 12. Qe2 Bc8 13. Be3 Be7 14. Rad1 O-O 15. g4
Rfe8 16. g5 Nd7 17. Qh5 Na5 18. Nxa5 bxa5 19. f5 g6 20. Qh4 Ne5 21. Bd4 Bf8 22.
Rf2 Bb7 23. Rdf1 Rd7 24. Bh3 Bg7 25. Bxe5 dxe5 26. fxe6 fxe6 27. Qg4 Qb6 28.
Kh1 Bc6 29. Qxe6+ Rxe6 30. Bxe6+ Kh8 31. Rf8+ Bxf8 32. Rxf8+ Kg7 33. Rg8# 1-0

[Event "XV Weekend Val Bisagno"]
[Site "Genova ITA"]
[Date "2014.10.19"]
[Round "4"]
[White "Cirabisi, Federico"]
[Black "Saffioti, Massimo"]
[WhiteElo "2045"]
[BlackElo "1891"]
[Result "1-0"]
[PlyCount "95"]
[EventDate "2014.10.17"]

1. f4 d5 2. Nf3 g6 3. e3 Bg7 4. d4 Bg4 5. Bd3 Nd7 6. O-O e6 7. Qe1 Bxf3 8. gxf3
Ne7 9. c3 c6 10. b3 Nf5 11. Nd2 Qe7 12. a4 Qh4 13. Qxh4 Nxh4 14. Ba3 Bf8 15.
Bxf8 Kxf8 16. e4 Kg7 17. Kf2 h6 18. Rg1 f6 19. f5 exf5 20. exf5 g5 21. Rae1
Rhe8 22. b4 Kf7 23. c4 Rxe1 24. Rxe1 Re8 25. Rc1 Nb6 26. a5 Nxc4 27. Nxc4 dxc4
28. Bxc4+ Ke7 29. Be6 Kd6 30. d5 cxd5 31. Rd1 Rxe6 32. fxe6 Kxe6 33. Rc1 Kd6
34. b5 Nf5 35. a6 b6 36. Rc6+ Kd7 37. Rxb6 Nd6 38. Rb8 Kc7 39. Rf8 Nxb5 40.
Rxf6 Nd6 41. Rxh6 Kc6 42. Rg6 Kc5 43. Rxg5 Kc4 44. Rg7 Nb5 45. h4 d4 46. h5 d3
47. h6 Kc3 48. h7 1-0

[Event "XV Weekend Val Bisagno"]
[Site "Genova ITA"]
[Date "2014.10.19"]
[Round "4"]
[White "Gioseffi, Massimiliano"]
[Black "Tripi, Nicolo'"]
[WhiteElo "2127"]
[BlackElo "1858"]
[Result "1-0"]
[PlyCount "75"]
[EventDate "2014.10.17"]

1. d4 Nf6 2. c4 e6 3. Nc3 c5 4. d5 exd5 5. cxd5 d6 6. Nf3 g6 7. Bf4 Bg7 8. h3
O-O 9. e3 a6 10. a4 Ne8 11. Be2 Nd7 12. O-O Ndf6 13. Nd2 Rb8 14. a5 b5 15. axb6
Qxb6 16. Nc4 Qc7 17. e4 Nd7 18. Qd2 Ne5 19. Nxe5 dxe5 20. Be3 f5 21. f3 f4 22.
Bf2 Rf6 23. Rfc1 Nd6 24. Na4 c4 25. Qc2 g5 26. Bxc4 Qf7 27. Bf1 Qg6 28. Nb6
Rxb6 29. Bxb6 Bf8 30. Bd8 Rf7 31. Bc7 Bd7 32. Rxa6 h5 33. Qc3 Bxh3 34. gxh3 g4
35. Kh1 gxh3 36. Bxh3 Rg7 37. Qe1 Kh8 38. Rcc6 1-0

[Event "XV Weekend Val Bisagno"]
[Site "Genova ITA"]
[Date "2014.10.19"]
[Round "4"]
[White "Milleri, Leonardo"]
[Black "Gardini, Enrico"]
[WhiteElo "1889"]
[BlackElo "1850"]
[Result "0-1"]
[PlyCount "108"]
[EventDate "2014.10.17"]

1. d4 Nf6 2. Nf3 d5 3. c4 c6 4. Nc3 g6 5. Bf4 Bg7 6. e3 O-O 7. Bd3 Bg4 8. h3
dxc4 9. Bxc4 Bf5 10. O-O Nbd7 11. Ne5 Nb6 12. Bb3 Nfd5 13. Bg3 Be6 14. Ne4 Nc7
15. Ng5 Bxb3 16. Qxb3 Qd5 17. Qxd5 Ncxd5 18. Nd3 Nd7 19. Rfc1 N5f6 20. Nf3 Ne4
21. Bh2 Rac8 22. b4 b6 23. Nfe5 Nxe5 24. Bxe5 Bh6 25. Rc2 Rfd8 26. Rac1 f6 27.
Bf4 Bxf4 28. Nxf4 Rd6 29. f3 e5 30. Ne2 Ng5 31. b5 Ne6 32. d5 Rxd5 33. Rxc6
Rxc6 34. Rxc6 Nc5 35. Rc8+ Kf7 36. Ra8 Rd7 37. Nc3 Ke6 38. Kf2 Rd3 39. Ne2 Rd2
40. Ke1 Rxa2 41. g4 Nd3+ 42. Kd1 Nf2+ 43. Ke1 Nxh3 44. Rh8 Ng5 45. f4 Ra1+ 46.
Kd2 Nf3+ 47. Kc3 Ra3+ 48. Kb4 Rxe3 49. Nc3 exf4 50. Rxh7 Ne5 51. Rxa7 f3 52.
Ra1 f2 53. Rf1 Re1 54. Rxf2 Nd3+ 0-1

[Event "XV Weekend Val Bisagno"]
[Site "Genova ITA"]
[Date "2014.10.19"]
[Round "4"]
[White "Mortola, Alberto"]
[Black "Pino, Gianfranco"]
[WhiteElo "1968"]
[BlackElo "1881"]
[Result "1/2-1/2"]
[PlyCount "69"]
[EventDate "2014.10.17"]

1. Nf3 d5 2. d4 Nf6 3. Bf4 e6 4. e3 c5 5. c3 Nc6 6. Nbd2 Bd6 7. Ne5 O-O 8. Bd3
Qe7 9. Qf3 cxd4 10. exd4 Qc7 11. Qe2 Bd7 12. Ndf3 Rac8 13. O-O Ne7 14. Rac1 Ng6
15. Nxg6 hxg6 16. Ne5 Nh5 17. Bd2 Nf6 18. Bg5 a6 19. c4 dxc4 20. Rxc4 Qd8 21.
Rxc8 Bxc8 22. Rc1 Be7 23. Be3 Nd5 24. a3 Bf6 25. Ng4 Bd7 26. Nxf6+ Qxf6 27. Be4
Bc6 28. Bxd5 exd5 29. Qg4 Re8 30. Bg5 Qe6 31. Qxe6 Rxe6 32. Be3 f6 33. Kf1 Kf7
34. Ke2 g5 35. g3 1/2-1/2